000
00334nam a2200121Ia 4500
008
160609s9999 xx 000 0 und d
100
_a
Ang, Tom.
245
_a
Digital Photography Through The Year
245
_c
By:Tom Ang
260
_c
2012
650
_x
DIGITAL PHOTOGRAPHY
856
_u
http://file.ebook777.com/DigPhoThrTheYea.pdf
999
_c
295752
_d
295752